| 000 | 00466nam a2200181Ia 4500 | ||
|---|---|---|---|
| 003 | LK-CoDNM | ||
| 008 | 010623t1890 xxu||||| |||| 00| 1 eng d | ||
| 040 |
_aLK-CoDNM _dLK-CoDNM _eLK-CoDNM |
||
| 041 | _aeng | ||
| 080 | _a7 F 10 | ||
| 245 | _aThe Mahabharata | ||
| 260 |
_bPratap Chandra Roy _aCalcutta _c1890 |
||
| 300 | _bV,59P., 21 cm | ||
| 650 | _aIndian History | ||
| 650 | _aKrishna Dwaipayana Vyasa | ||
| 650 | _aSauptika Parva 625: India | ||
| 942 | _cBK | ||
| 999 |
_c83194 _d83194 |
||